| 000 | 01018nam a2200277 i 4500 | ||
|---|---|---|---|
| 001 | bg | ||
| 100 | 1 | _aGACZKIEWICZ, Aleksander | |
| 245 | 1 | 0 |
_aModele i metody matematyczne w zagadnieniach brzegowych termomechaniki ciał przewodzących / _cAleksander Gaczkiewicz, Zygmunt Kasperski. |
| 260 |
_aOpole : _bPO. Oficyna Wydawnicza, _c1999. |
||
| 300 |
_a367 s. : _bil. ; _c24 cm. |
||
| 490 | 1 |
_aStudia i Monografie / Politechnika Opolska, _x1429-6063 ; _vz. 110 |
|
| 500 | _aStreszcz. ang. | ||
| 504 | _aBibliogr. | ||
| 650 | 9 |
_aCiało stałe _xmechanika _xteoria |
|
| 650 | 9 |
_aMetody i |zagadnienia brzegowe _xstosowanie _xfizyka |
|
| 650 | 9 |
_aModele matematyczne _xstosowanie _xfizyka |
|
| 650 | 9 |
_aPole elektromagnetyczne _xteoria |
|
| 650 | 9 | _aTermosprężystość | |
| 700 | 1 | _aKASPERSKI, Zygmunt | |
| 830 | 0 |
_aStudia i Monografie (Politechnika Opolska) ; _vz. 110 |
|
| 040 | _cBPK | ||
| 041 | 0 |
_apl _ben |
|
| 080 | _a538.9:536.7:537.6/.8:519.86 | ||
| 942 | _cKS | ||
| 008 | s pl f |000 0 pol | ||
| 999 |
_c38800 _d38800 |
||
| 856 |
_uhttp://koha.tu.koszalin.pl/cgi-bin/koha/opac-detail.pl?biblionumber=38800 _yKatalog online BPK |
||